00688nam a2200181 a 4500008004100000020001500041050002200056245004400078260002200122300002100144350000900165490003500174650001200209650003500221995009500256999001700351952013800368120416s1992 ||||||||||||||||| || u a0750605553 aTP 248.27.M53 Ope00aIn vitro cultivation of micro-organisms aOxfordbB-Hc1992 ax ; 315p. ; ill. a0.00 aBiotechnology by Open Learning 0aBIOLOGY aMICRO-ORGANISMS--BIOTECHNOLOGY D0.00FCBU-MAIN LIBRARY (Kitwe)H1I0.00M1UAVAILABLEZMain Library Open Access Collection c46564d46564 00102lcc4070a001b001cMain Library Open Access Collectiond2022-11-30l0oTP 248.27.M53 Opep027544r2022-11-30w2022-11-30y002